000 01704cam a22004214i 4500
003 PE-LiUPU
005 20250731183443.0
008 150706s2012 r 000 0 d
020 _a9789972624209
035 _a(Sirsi) i9789972624209
040 _aPE-LiUPU
_bspa
_cPE-LiUPU
_erda
049 _aPRUA
082 0 4 _a759.85
_bP8
_221
110 2 _aAsociación Cultural Peruano Británica
245 1 0 _aPremio John Constable :
_bconcurso de acuarela "Paisaje peruano" : 1977-2012 /
_c[investigación y textos, Élida Román].
264 1 _aLima :
_bAsociación Cultural Peruano Británica,
_c2012.
300 _a85 páginas :
_bilustraciones ;
_c25 cm.
336 _atext
_2rdacontent
337 _aunmediated
_2rdamedia
338 _avolume
_2rdacarrier
505 0 _aImágenes del concurso de acuarela paisajes peruanos.
526 _aP158
526 _aP146
526 _aP17
526 _aP12
526 _aP06
650 0 4 _aAcuarela peruana
_ySiglos XX-XXI
_vCatálogos.
650 0 4 _aPintura peruana
_ySiglos XX-XXI
_vCatálogos.
650 0 4 _aPaisajes en el arte.
700 1 _aHerrera Águila, María Elena,
_edir.
910 _agl
_clch
_d20131107
942 _2ddc
_cBOOK
949 _a759.85 P8
_wDEWEY
_c1
_i68416
_lCCODEBUL1
_mBUL
_p20.00
_r0
_sY
_tBOOK
_u2015-7-6
_xBIBLIOTECA
_zUNKNOWN
_o.STAFF. Colección General
994 _aC0
_bPEPRU
596 _a1
999 _a759.85 P8
_wDEWEY
_c55805
_i68416
_f2021-11-5
_g7
_lCCODEBUL1
_mBUL
_p20.00
_r0
_sY
_tBOOK
_u2015-7-6
_xBIBLIOTECA
_zUNKNOWN
_0COMPRA
_o.STAFF. Colección Ingenieria y Arquitectura
_d55805
980 _81
_gALBERTO SANCHEZ Responsable de Automatización